| 000 | 00900nam a2200277 a 4500 | ||
|---|---|---|---|
| 001 | 6217 | ||
| 003 | BD-RjUL | ||
| 005 | 20211208234216.0 | ||
| 008 | 140109s19861978enka b 001 0 eng d | ||
| 020 | _a0198740662 | ||
| 020 | _a0198740670 (pbk.) : | ||
| 035 | _a(BD-RjUL)6257 | ||
| 040 |
_aDLC _cDLC _dDLC _dBD-RjUL _beng |
||
| 041 | _aeng | ||
| 082 | 0 | 0 |
_a910.0182 _bHAQ 1986 _223 |
| 100 | 1 |
_aHammond, Robert. _919553 |
|
| 245 | 1 | 0 |
_aQuantitative techniques in geography : _ban introduction / _cby Robert Hammond and Patrick McCullagh. |
| 250 | _a2d ed. | ||
| 260 |
_aOxford : _bClarendon Press ; _aNew York : _bOxford University Press, _c1978 [reprinted 1986]. |
||
| 300 |
_axx, 364 p. : _bill. ; _c24 cm. |
||
| 504 | _aincludes Bibliography and index. | ||
| 650 | 0 |
_aGeography _xStatistical methods. _9997 |
|
| 700 | 1 |
_aMcCullagh, Patrick _919554 |
|
| 942 |
_2ddc _cBK |
||
| 999 |
_c6217 _d6217 |
||